| 000 | 00734nam a2200229Ia 4500 | ||
|---|---|---|---|
| 003 | OSt | ||
| 005 | 20241206093956.0 | ||
| 008 | 210716s2012 xx 000 0 und d | ||
| 020 | _a9788184871364 | ||
| 040 | _cAIMIT LIBRARY | ||
| 041 | _aeng | ||
| 082 |
_a001.072 _21 _bVIJV |
||
| 245 |
_aBiogas production upgradation and slurry management / _cBy V K Vijay. |
||
| 250 | _a1st ed. | ||
| 260 |
_aNew Delhi : _bNarisa Publishing House , _c2012. |
||
| 300 |
_a126p. ; _bHB _c25.8 cm |
||
| 650 |
_aSmall biogas engine conversion kit _9188097 |
||
| 650 |
_aBiogas slurry handling packing and marketing _9188098 |
||
| 650 |
_aSwedish waste management _9188099 |
||
| 700 |
_aVijay, V K. _9188100 |
||
| 942 |
_2ddc _cBK _e1st _k001.072 VIJV |
||
| 999 |
_c192181 _d192181 |
||